000 00631nam a2200217Ia 4500
003 OSt
005 20250916141927.0
008 210719s1984 xx 000 0 und d
040 _cAL
041 _aTulu
082 _aT894.2 ANAG
100 _aANANDA (Pa Kru)
_dಆನಂದ (ಪಾ ಕೃ)
_9238778
245 _aGududittina pakki
_bಗೂಡುಡಿತ್ತಿನ ಪಕ್ಕಿ
260 _aPutturu
_bVishvakalaniketana
_c1984
300 _a28
_bPB
365 _b3
_cRs
650 _aTulu Drama
_9238779
650 _aTulu Drama
_9238779
906 _aGududittina ; natako ; pakki ; samajika ; Tulu
942 _2ddc
_cBK
999 _c214817
_d214817